000 00860nam a2200241Ia 4500
003 OSt
005 20220923223857.0
006 a|||||r|||| 00| 0
007 ta
008 Pun
024 _a222,719
037 _cTextual
040 _aARTS
_cARTS
_bPun
041 _2Pun
_aPun
082 _aO153,1K32:g, N9
100 _aਮਲਿਕ, Fਹਿਬਾਜ਼; ਲਾਬਾਂ, ਰਾਜਿੰਦਰ ਸਿੰਘ, ਥਦ.
_9167642
245 0 _aਮੈਲਵੀ ਅਹਮਦਯਾਰ
_b ਫਿਕਰ ਤੇ ਫ਼ਨ
260 _aਪਟਿਆਲਾ
_b ਪਬਲੀਕੇFਨ ਬਿਊਰੋ
_c1999
300 _a260ਪੰ
_ccm.
650 _aਪੰਜਾਬੀ ਸਾਹਿਤ
942 _hO153,1K32:g, N9
_cTEXL
_2CC
999 _c367941
_d367941